Speeches and Table Talk of the Prophet Mohammad (Record no. 3866)

MARC details
000 -LEADER
fixed length control field 00587nam a2200241 a 4500
020 ## - INTERNATIONAL STANDARD BOOK NUMBER
ISBN
082 00 - DEWEY DECIMAL CLASSIFICATION NUMBER
Classification number 297.63
Author Cutter POO
100 ## - MAIN ENTRY--AUTHOR NAME
Author name Poole, S Lane
245 ## - TITLE STATEMENT
Title Speeches and Table Talk of the Prophet Mohammad
260 ## - PUBLICATION, DISTRIBUTION, ETC. (IMPRINT)
Place of publication Delhi
Name of publisher Kitab Bhavan
Year of publication 1979
300 ## - PHYSICAL DESCRIPTION
Number of Pages 190p
500 ## - GENERAL NOTE
General note includes index and biblioraphy
505 2# - FORMATTED CONTENTS NOTE
Formatted contents note 3 parts
650 ## - SUBJECT ADDED ENTRY--TOPICAL TERM
Topical Term Muhammad, Prophet
942 ## - ADDED ENTRY ELEMENTS (KOHA)
Koha item type Books
700 1# -
-- Poole, S Lane
Holdings
Collection code Home library Current library Date acquired Cost, normal purchase price Full call number Accession Number Koha item type
  Henry Martyn Institute Library Henry Martyn Institute Library 07/10/2007 100.00 297.63 POO 09900 Books
                   Copyright © 2026 | Henry Martyn Institute | Hyderabad | TS-500052 | INDIA | Implemented by hmi.edu.in
Hit-Count:

Powered by Koha